| 000 | 01381nam a2200373 a 4500 | ||
|---|---|---|---|
| 999 |
_c205941 _d205941 |
||
| 003 | BLK | ||
| 005 | 20250611112933.0 | ||
| 008 | 180411b bul|||||r ||||||| ||bul|| | ||
| 010 | _aKNG00215672000 | ||
| 020 | _a978-954-365-205-1 | ||
| 040 | _aBLK | ||
| 041 |
_aBUL _cBUL |
||
| 072 | 7 |
_2bullib _aН83 _xЧужда художествена литература Н |
|
| 080 |
_aАмериканска литература (на САЩ) _b821.111(73) _x-31 _z821.111(73)-31 |
||
| 100 | 1 |
_aШейбон, Майкъл _eпърви автор _9143054 |
|
| 139 |
_aШейбон, Майкъл _bШ 48 |
||
| 245 | 1 | 0 |
_aНевероятните приключения на Кавалиър и Клей _bРоман _cМайкъл Шейбон; прев. Стефан Аврамов. |
| 257 | _aUSA | ||
| 260 |
_bЕднорог _c2017 _aСофия |
||
| 300 |
_a702 с. _c21 см |
||
| 380 | _aX | ||
| 500 | _aОриг. загл. The Amazing Adventures of Kavalier Clay / Michael Chabon. | ||
| 653 | _aромани | ||
| 659 | _aН | ||
| 700 | 1 |
_aАврамов, Стефан _eпрев. _9368528 |
|
| 852 | _aЦб 291600 | ||
| 856 | 4 | _qpdf | |
| 856 | 4 | _qpdf | |
| 942 |
_cKNG _n0 _08 _s1 |
||
| 944 |
_aCR _c25.01.2018 _lРусанова Ирена _k30542 |
||
| 944 |
_aED _c16.02.2018 _lф / _kЛюдмила_Стоянова |
||
| 999 | _d205941 | ||
| 999 | _d205941 | ||